| 000 | 00547nam a2200169Ia 4500 | ||
|---|---|---|---|
| 008 | 210716s2009 xx 000 0 und d | ||
| 020 | _a0199562008 | ||
| 041 | _aeng | ||
| 082 | _a658.3 PINA | ||
| 100 | _aPinnington, Ashly H; Macklin, Rob; Campbell, Tom. | ||
| 245 |
_aHuman resource management: ethics and employment. _bEthics and employment. |
||
| 250 | _a1 | ||
| 260 |
_aNew Delhi _bOxford University Press _c2009 |
||
| 300 | _axii,347 | ||
| 650 | _aHuman Resource Management | ||
| 700 | _aPinnington, Ashly H; Macklin, Rob; Campbell, Tom. | ||
| 999 |
_c203845 _d203845 |
||